Frontový bombardér Pe-2

Podrobná bibliografia
Hlavný autor: Dolinay, Ján (Autor)
Médium: Článok
Jazyk:slovenčina
Fyzický popis:Fotogr.
ISSN:1336-2910
Predmet:

MARC

LEADER 00000nab a2200000 a 4500
001 vtls008297488
003 SK-MaSNL
005 20260304150150.0
008 250505c2005 xo mr|p|||||||000 b|slo
015 |a SNBRB2005/09  |2 snkbucl 
035 |a urn:nbn:sk:snk-ab7ujp 
035 |a (urnnbn)urn:nbn:sk:snk:ar-003zj4 
035 |a (uuid)49d51ff6-36ab-498e-a55d-c90dc01a225b 
038 |a SNKBUCL 
040 |a SNKBUCL  |b slo  |c SNKBUCL  |e AACR2 
041 0 |a slo 
044 |a xo  |c SK 
080 |a 623.746.4  |x (47+57)  |x "1939/1945"  |2 1997 
080 |a 94(100)"1939/1945":355.48  |2 1997 
080 |a 355.48  |x "1939/1945"  |2 1997 
100 1 |a Dolinay, Ján  |4 aut  |9 268400 
245 1 0 |a Frontový bombardér Pe-2  |c Ján Dolinay 
300 |b Fotogr. 
610 1 7 |a Sovietsky zväz.  |b Raboče-Kresťjanskaja Krasnaja Armija  |2 snkbucl 
648 7 |a 1939-1945  |2 snkbucl  |9 281648 
650 0 7 |a druhá svetová vojna (1939-1945)  |2 snkbucl  |9 169657 
650 0 7 |a bombardovacie lietadlá  |2 snkbucl  |9 71053 
650 0 7 |a PE-2 (lietadlá)  |2 snkbucl  |9 1470087 
773 0 |t Obrana  |g Roč. 13, č. 4 (2005), s. 16  |x 1336-2910 
850 |a Slovenská národná knižnica 
852 |a Slovenská národná knižnica 
954 |a odborná, vedecká literatúra pôvodná (slovenská)  |2 lita 
958 |a article9 
958 |a OND 
958 |a EUIPO 
999 |c 2938021  |d 2939951